La minería en Galicia (Lugo y La Coruña) / (Record no. 50322)

MARC details
000 -LEADER
campo de control de longitud fija 00728nam a2200193 i 4500
001 - NÚMERO DE CONTROL
campo de control 50322
003 - IDENTIFICADOR DE NÚMERO DE CONTROL
campo de control ES-MaACL
007 - CAMPO FIJO DE DESCRIPCIÓN FÍSICA--INFORMACIÓN GENERAL
campo de control de longitud fija t|
008 - DATOS DE LONGITUD FIJA--INFORMACIÓN GENERAL
campo de control de longitud fija 030804s1910 sp ||||1| spa d
100 1# - ENTRADA PRINCIPAL--NOMBRE DE PERSONA
Nombre de persona Cueto, Ramón del.
9 (RLIN) 42078
245 13 - MENCIÓN DEL TÍTULO
Título La minería en Galicia (Lugo y La Coruña) /
Mención de responsabilidad, etc. Ramón del Cueto y Antonio Mª de Irimo.
260 ## - PUBLICACIÓN, DISTRIBUCIÓN, ETC.
Lugar de publicación, distribución, etc. La Coruña :
Nombre del editor, distribuidor, etc. [s.n.,
Fecha de publicación, distribución, etc. 1910] (
Fabricante Imp. F. García Ibarra)
300 ## - DESCRIPCIÓN FÍSICA
Extensión XIII, 137 p., 16 lám. :
Otras características físicas 1 map. ;
Dimensiones 24 cm.
500 ## - NOTA GENERAL
Nota general Precede al tít.: Consejo Provincial de Industria y Comercio.
700 1# - ENTRADA AGREGADA--NOMBRE PERSONAL
Nombre de persona Irimo, Antonio María de.
9 (RLIN) 65473
710 2# - ENTRADA AGREGADA--NOMBRE DE ENTIDAD CORPORATIVA
Nombre de entidad corporativa o nombre de jurisdicción como elemento de entrada Consejo Provincial de Agricultura, Industria y Comercio de La Coruña
9 (RLIN) 154900
852 ## - LOCALIZACIÓN
Ubicación ES-MaACL
Número de control de estantería G-15226
Holdings
Estatus retirado Estado de pérdida Estado de daño No para préstamo Biblioteca de origen Biblioteca actual Ubicación en estantería Fecha de adquisición Fuente de adquisición Total de préstamos Signatura topográfica completa Código de barras Visto por última vez Precio de reemplazo Tipo de ítem Koha
        Biblioteca del Ateneo de Madrid Biblioteca del Ateneo de Madrid Sala Pecera Planta 3 17/01/2008     G-15226 1052931 23/02/2023 23/02/2023 Libro impreso